Interpersonal communication competence / (Record no. 66368)
[ view plain ]
| 000 -LEADER | |
|---|---|
| fixed length control field | 00991nam a2200301 a 4500 |
| 001 - CONTROL NUMBER | |
| control field | 66368 |
| 003 - CONTROL NUMBER IDENTIFIER | |
| rucl marc code | BD-RjUL |
| 005 - DATE AND TIME OF LATEST TRANSACTION | |
| control field | 20211209081532.0 |
| 008 - FIXED-LENGTH DATA ELEMENTS--GENERAL INFORMATION | |
| fixed length control field | 170315s1984 cau b 001 0 eng |
| 020 ## - INTERNATIONAL STANDARD BOOK NUMBER | |
| International Standard Book Number | 0803923066 |
| International Standard Book Number | 0803923074 (pbk.) |
| 035 ## - SYSTEM CONTROL NUMBER | |
| System control number | (BD-RjUL)66498 |
| 040 ## - CATALOGING SOURCE | |
| Original cataloging agency | DLC |
| Transcribing agency | DLC |
| Modifying agency | DLC |
| -- | BD-RjUL |
| Language of cataloging | eng |
| 041 ## - LANGUAGE CODE | |
| Language code of text/sound track or separate title | eng |
| 082 00 - DEWEY DECIMAL CLASSIFICATION NUMBER | |
| Classification number | 153.6 |
| Edition number | 23 |
| Author mark and year | SPI 1984 |
| 100 1# - MAIN ENTRY--PERSONAL NAME | |
| Personal name | Spitzberg, Brian H. |
| 9 (RLIN) | 196409 |
| 245 10 - TITLE STATEMENT | |
| Title | Interpersonal communication competence / |
| Statement of responsibility, etc. | Brian H. Spitzberg & William R. Cupach. |
| 260 ## - PUBLICATION, DISTRIBUTION, ETC. (IMPRINT) | |
| Place of publication, distribution, etc. | Beverly Hills : |
| Name of publisher, distributor, etc. | Sage Publications, |
| Date of publication, distribution, etc. | c1984. |
| 300 ## - PHYSICAL DESCRIPTION | |
| Pagination | 247 p. ; |
| Size | 23 cm. |
| 500 ## - GENERAL NOTE | |
| General note | Includes indexes. |
| 504 ## - BIBLIOGRAPHY, ETC. NOTE | |
| Bibliography, etc | Bibliography: p. 191-236. |
| 650 #0 - SUBJECT ADDED ENTRY--TOPICAL TERM | |
| Topical term or geographic name as entry element | Interpersonal communication. |
| 9 (RLIN) | 170650 |
| Topical term or geographic name as entry element | Communicative competence. |
| 9 (RLIN) | 182291 |
| 700 1# - ADDED ENTRY--PERSONAL NAME | |
| Personal name | Cupach, William R. |
| 856 42 - ELECTRONIC LOCATION AND ACCESS | |
| Materials specified | Sage series in interpersonal communication ; |
| Uniform Resource Identifier | <a href="v. 4">v. 4</a> |
| 942 ## - ADDED ENTRY ELEMENTS (KOHA) | |
| Source of classification or shelving scheme | Dewey Decimal Classification |
| Koha item type | Audio Visual (AV) Materials |
| Lost status | Source of classification or shelving scheme | Damaged status | Not for loan | Collection code | Permanent Location | Current Location | Shelving location | Date acquired | Source of acquisition | Total Checkouts | Full call number | Date last seen | Copy number | Koha item type |
|---|---|---|---|---|---|---|---|---|---|---|---|---|---|---|
| Dewey Decimal Classification | Not For Loan | Non-fiction | Central Library, University of Rajshahi | Central Library, University of Rajshahi | Reading Room | 15/06/1991 | Asia Foundation | 153.6 SPI 1984 | 15/03/2017 | C-1 | Audio Visual (AV) Materials |